Municipal life and government in Germany /

Bibliographic Details
Main Author: Dawson, William Harbutt, 1860-1948
Format: Book
Language:English
Published: London, New York [etc.] : Longmans, Green and co., 1916.
Subjects:

MARC

Tag First Indicator Second Indicator Subfields
LEADER 00000cam a2200000 4500
001 in00000054964
005 20151008052135.0
008 800509s1916 enk 00000 eng d
035 |a (OCoLC)06302366 
035 |9 AAH1882AM 
040 |a TXA  |c TXA  |d UtOrBLW 
049 |a TXAM  |c [7816] 
050 0 |a JS5395  |b . D3 1916 
092 |a 352.043  |b D27 
100 1 |a Dawson, William Harbutt,  |d 1860-1948. 
245 1 0 |a Municipal life and government in Germany /  |c by William Harbutt Dawson ... with appendices. 
264 1 |a London,  |a New York [etc.] :  |b Longmans, Green and co.,  |c 1916. 
300 |a 394 ;  |c 24 cm. 
336 |a text  |b txt  |2 rdacontent 
337 |a unmediated  |b n  |2 rdamedia 
338 |a volume  |b nc  |2 rdacarrier 
650 0 |a Municipal government  |z Germany. 
650 0 |a Municipal finance  |z Germany. 
650 0 |a Cities and towns  |z Germany. 
999 |a MARS 
999 f f |s 2aef3964-58c0-3795-abac-32cf79478e68  |i e51655ba-11f9-34ff-b4e6-779e24687875  |t 0 
952 f f |p ric  |a Texas A&M University  |b Rellis Campus  |c Joint Library Facility  |d Remote Storage  |t 0  |e JS5395 . D3 1916  |h Library of Congress classification  |i unmediated -- volume  |m A14800796535 
998 f f |a JS5395 . D3 1916  |t 0  |l Remote Storage